00846nam a22002177a 45000010005000000030006000050050017000110080041000280200018000690400029000870820010001161000017001262450273001432600032004163000052004485050008005005210029005085210020005376500042005577000029005999060FISKH20251118121102.0251118b cb ||||| |||| 00| 0 eng d a9789996343070 aFISKHbkhrcFISKHdFISKH a398.2 aSameourn, Uk aHome of stories / cគណះកម្មការនិពន្ធ លោក អ៊ុក សំអឿន និងលោក ឡុង សុខហ៊ាង , គណះកម្មការត្រួតពិនិត្យ ប៉ាវ មុនីសុខា​ aPhnom Penh : bOpen Mind ,  a82 pages : bcolor illustrations ;c30 pages .  aR 8 a780 bLexile estimate 8 aR bRaz-Plus  aHome of stories vChildren's Stories  aTola, MormeIllustrator